<?xml version="1.0" encoding="UTF-8"?>
<record
    xmlns:xsi="http://www.w3.org/2001/XMLSchema-instance"
    xsi:schemaLocation="http://www.loc.gov/MARC21/slim http://www.loc.gov/standards/marcxml/schema/MARC21slim.xsd"
    xmlns="http://www.loc.gov/MARC21/slim">

  <leader>02612nam a2200337uu 4500</leader>
  <controlfield tag="001">1555234</controlfield>
  <controlfield tag="005">20240614085605.0</controlfield>
  <controlfield tag="007">cr|||||||</controlfield>
  <controlfield tag="008">210305s2020                        spa  </controlfield>
  <datafield tag="035" ind1=" " ind2=" ">
    <subfield code="a">1555234</subfield>
  </datafield>
  <datafield tag="040" ind1=" " ind2=" ">
    <subfield code="c">comduadb</subfield>
  </datafield>
  <datafield tag="041" ind1=" " ind2=" ">
    <subfield code="a">spa</subfield>
  </datafield>
  <datafield tag="080" ind1=" " ind2=" ">
    <subfield code="a">CA</subfield>
  </datafield>
  <datafield tag="100" ind1="1" ind2="0">
    <subfield code="a">&#xC1;lvarez Torres, Edyth Natalia </subfield>
    <subfield code="4">aut</subfield>
    <subfield code="e">aut</subfield>
    <subfield code="9">820760</subfield>
  </datafield>
  <datafield tag="245" ind1="1" ind2="0">
    <subfield code="a">Sentidos que los ni&#xF1;os y las ni&#xF1;as atribuyen a la violencia entre escolares</subfield>
  </datafield>
  <datafield tag="260" ind1=" " ind2=" ">
    <subfield code="a">Medell&#xED;n :</subfield>
    <subfield code="b">Autores (as),</subfield>
    <subfield code="c">2020.</subfield>
  </datafield>
  <datafield tag="336" ind1=" " ind2=" ">
    <subfield code="a">texto</subfield>
    <subfield code="b">txt</subfield>
    <subfield code="0">(uri)http://www.rdaregistry.info/termList/RDAContentType/#1020</subfield>
    <subfield code="2">rdacontent</subfield>
  </datafield>
  <datafield tag="520" ind1="3" ind2=" ">
    <subfield code="a">La violencia entre escolares puede generar en los ni&#xF1;os y las ni&#xF1;as ansiedad, depresi&#xF3;n y suicidio, por lo cual se ha tornado objeto de preocupaci&#xF3;n por diversas investigaciones, y se han creado leyes y programas a nivel nacional e institucional para contenerla. Sin embargo, estas acciones han privilegiado las voces de otros actores y, en ocasiones, han dejado a los ni&#xF1;os instalados en una suerte de determinismo que funciona en ellos como etiqueta y condena. Por ello, esta investigaci&#xF3;n se dedic&#xF3; a analizar los sentidos que los ni&#xF1;os y ni&#xF1;as le atribuyen a la violencia, en una Instituci&#xF3;n Educativa p&#xFA;blica de Medell&#xED;n, en la cual se ha observado con atenci&#xF3;n este tipo de interacciones. En esta medida, el estudio se bas&#xF3; en el paradigma hermen&#xE9;utico &#x2013; interpretativo, haciendo uso del enfoque narrativo, y se usaron diferentes t&#xE9;cnicas interactivas como el Zoom, la Colcha de retazos, el Lexic&#xF3;n y el Encuentro de an&#xE9;cdotas. Entre los principales hallazgos de este estudio se encuentra que los ni&#xF1;os crean c&#xF3;digos propios y maneras recursivas para nombrar y significar la violencia, en muchas ocasiones, tomando distancia de las gram&#xE1;ticas elaboradas por el discurso institucional. En esta l&#xED;nea, aunque sus sentidos sobre la violencia dan cuenta de c&#xF3;digos morales &#x2013;como marcos normativos heredados&#x2013;, tambi&#xE9;n apelan a posiciones &#xE9;ticas en las cuales responden desde la compasi&#xF3;n frente al sufrimiento de los otros.</subfield>
  </datafield>
  <datafield tag="650" ind1=" " ind2="7">
    <subfield code="a">Violencia</subfield>
    <subfield code="2">embne</subfield>
    <subfield code="9">32770</subfield>
  </datafield>
  <datafield tag="650" ind1=" " ind2="7">
    <subfield code="a">Suicidio</subfield>
    <subfield code="2">dcs</subfield>
    <subfield code="9">32965</subfield>
  </datafield>
  <datafield tag="650" ind1=" " ind2=" ">
    <subfield code="a">Violencia escolar</subfield>
    <subfield code="9">1723</subfield>
  </datafield>
  <datafield tag="650" ind1=" " ind2=" ">
    <subfield code="a">Depresi&#xF3;n (Psicolog&#xED;a)</subfield>
    <subfield code="9">19795</subfield>
  </datafield>
  <datafield tag="650" ind1=" " ind2=" ">
    <subfield code="a">Actitud del estudiante</subfield>
    <subfield code="9">19087</subfield>
  </datafield>
  <datafield tag="650" ind1=" " ind2="7">
    <subfield code="a">Personas desfavorecidas</subfield>
    <subfield code="2">embne</subfield>
    <subfield code="9">855856</subfield>
  </datafield>
  <datafield tag="700" ind1=" " ind2="0">
    <subfield code="a">Palacio Baena, &#xC1;ngela In&#xE9;s</subfield>
    <subfield code="c">Mag&#xED;ster en Educaci&#xF3;n</subfield>
    <subfield code="4">ths</subfield>
    <subfield code="e">ths</subfield>
    <subfield code="9">254090</subfield>
  </datafield>
  <datafield tag="700" ind1="1" ind2="0">
    <subfield code="a">Higuita Bedoya, Nora Maria</subfield>
    <subfield code="4">ths</subfield>
    <subfield code="e">ths</subfield>
    <subfield code="9">645064</subfield>
  </datafield>
  <datafield tag="856" ind1="4" ind2=" ">
    <subfield code="u">https://bibliotecadigital.udea.edu.co/handle/10495/18806</subfield>
  </datafield>
  <datafield tag="942" ind1=" " ind2=" ">
    <subfield code="c">TESIS</subfield>
    <subfield code="n">0</subfield>
  </datafield>
  <datafield tag="999" ind1=" " ind2=" ">
    <subfield code="c">824924</subfield>
    <subfield code="d">824924</subfield>
  </datafield>
  <datafield tag="502" ind1=" " ind2=" ">
    <subfield code="b">153</subfield>
    <subfield code="c">15</subfield>
  </datafield>
  <datafield tag="526" ind1=" " ind2=" ">
    <subfield code="a">155</subfield>
  </datafield>
</record>
